000 01636nab a22003017a 4500
999 _c5304
_d5304
003 OSt
005 20250217205648.0
008 190603e xxum|||| |||| 00| 0 spa d
040 _cPJ-TDF
100 _94767
_aJáuregui, Rodolfo G.
245 1 0 _aGuarda judicial y la aparente contradicción entre el art. 657 y el art. 702 inc. d) del Cód. Civ. y Com. /
_cRodolfo G. Jáuregui, Daniela N. Prado.
260 _cCiudad Autónoma de Buenos Aires :
_aThomson Reuters La Ley,
_b2023.
300 _ap. 155-161
500 _aCita: TR LALEY AR/DOC/1488/2023.
505 _aSumario: I. El caso.— II. La solución de la Sala.— III. La guarda, sus efectos y los diversos defectos en su regulación: una posible solución a la aparente contradicción entre el art. 657 y el art. 702 inc. d) del Cód. Civ. y Com.— IV. El carácter de la suspensión del ejercicio.— V. Conclusiones.
505 _tFallo comentado: CCiv. y Com., Azul, sala I ~ 28/04/2023 ~ M., V. s/ guarda a parientes.
505 _t¿Te interesa el texto completo? Solicitalo al correo: koha@justierradelfuego.gov.ar
650 0 _9967
_aDERECHO DE FAMILIA
650 0 _91497
_aCODIGO CIVIL Y COMERCIAL
650 0 _91015
_aRESPONSABILIDAD PARENTAL
650 0 _95662
_aADOLESCENTES
650 0 _96357
_aGUARDADOR
650 0 _96355
_aSUSPENSION DE LA RESPONSABILIDAD PARENTAL
650 0 _96356
_aPRIVACION DE LA RESPONSABILIDAD PARENTAL
700 _96354
_aPrado, Daniela N.
_ecoautor
773 0 _02713
_93170
_dCiudad Autónoma de Buenos Aires : Thomson Reuters La Ley, 2015-
_tRevista Código Civil y Comercial. Nº 5 - Octubre 2023
942 _2udc
_cANA